000 00276nam a22001097a 4500
040 _cSY
100 _aNGIN CHHAY; ងិន​ឆាយ
245 _aCrop protechion, កិច្ចការពារដំណាំ
260 _aRUA
_bNGI
_c1997
300 _a140p.
942 _cKB
999 _c9510
_d9510